|
|
|
|
| LEADER |
00707nam a2200193Ia 4500 |
| 001 |
CTU_18882 |
| 008 |
210402s9999 xx 000 0 und d |
| 082 |
|
|
|a 920
|
| 082 |
|
|
|b T527/1997
|
| 100 |
|
|
|a Lại Thị Ngọc Tuyền
|
| 245 |
|
0 |
|a Nguyễn Thần Hiến cuộc đời và sự nghiệp
|
| 245 |
|
0 |
|b Luận văn tốt nghiệp Đại học Sư phạm ngành Sử Khóa 19
|
| 245 |
|
0 |
|c Lại Thị Ngọc Tuyền
|
| 260 |
|
|
|a Cần Thơ
|
| 260 |
|
|
|b Trường Đại Học Cần Thơ, khoa Sư phạm
|
| 260 |
|
|
|c 1997
|
| 650 |
|
|
|a names, personal
|
| 904 |
|
|
|i Huỳnh Thị Trang, 970930
|
| 980 |
|
|
|a Trung tâm Học liệu Trường Đại học Cần Thơ
|